[Event "Blonduos Icelandic op"]
[Site "Blonduos"]
[Date "2025.06.16"]
[Round "2"]
[White "Bjarnason, Larus H"]
[Black "Omarsson, Josef"]
[Result "0-1"]
[WhiteElo "1713"]
[BlackElo "2030"]
[PlyCount "104"]
[EventDate "2025.06.15"]
[EventType "swiss"]
[EventRounds "9"]
[EventCountry "ISL"]
[SourceTitle "CB26_2025"]
[SourceDate "2025.06.25"]
[SourceVersion "1"]
[SourceVersionDate "2025.06.25"]
[SourceQuality "1"]

1. e4 e5 2. Bc4 Nf6 3. d3 Bc5 4. h3 c6 5. Nf3 d6 6. Nc3 b5 7. Bb3 h6 8. Qe2 Nbd7 9. Be3 Bxe3 10. Qxe3 a5 11. a3 Bb7 12. Ne2 0-0 13. g4 d5 14. Ng3 dxe4 15. dxe4 c5 16. c3 c4 17. Bc2 Qb6 18. Ke2 Rfe8 19. g5 Qxe3+ 20. Kxe3 hxg5 21. Nxg5 Nc5 22. f3 Ne6 23. h4 Nf4 24. Rad1 Rad8 25. Rh2 Rxd1 26. Bxd1 Rd8 27. Bc2 Bc8 28. h5 Nh7 29. Nxh7 Kxh7 30. Ne2 Nd3 31. Rh1 Nc5 32. Ng3 Kh6 33. Rh2 Be6 34. Rh1 Rd7 35. Rh2 f6 36. Bb1 Rd1 37. Bc2 Rg1 38. Kf2 Rc1 39. Ke3 Nb3 40. Bxb3 cxb3 41. Rd2 Rc2 42. Rxc2 bxc2 43. Kd2 Kg5 44. Kxc2 Kf4 45. Nf5 Bxf5 46. exf5 Kxf3 47. a4 bxa4 48. c4 Ke4 49. Kc3 Kxf5 50. c5 Ke6 51. Kc4 e4 52. Kd4 f5 0-1

[Event "Reykjavik Taflfelag op"]
[Site "Reykjavik"]
[Date "2019.11.26"]
[Round "7"]
[White "Sigfusson, Ottar Orn Bergmann"]
[Black "Bjarnason, Larus H"]
[Result "1-0"]
[WhiteElo "1444"]
[BlackElo "1519"]
[PlyCount "99"]
[EventDate "2019.10.16"]
[EventType "swiss"]
[EventRounds "7"]
[EventCountry "ISL"]
[SourceTitle "CBM 193 Extra"]
[Source "ChessBase"]
[SourceDate "2020.01.31"]
[SourceVersion "1"]
[SourceVersionDate "2020.01.31"]
[SourceQuality "1"]

1. e4 c6 2. d4 d5 3. Nc3 dxe4 4. Nxe4 Bf5 5. Ng3 Bg6 6. h4 h5 7. Nf3 Nd7 8. Bd3 Bxd3 9. Qxd3 Ngf6 10. Bd2 g6 11. 0-0-0 Qc7 12. Ne4 0-0-0 13. Neg5 e5 14. Qb3 e4 15. Nh2 Bd6 16. Nxf7 Bxh2 17. Nxh8 Rxh8 18. g3 Ng4 19. Rde1 Rf8 20. Bf4 Rxf4 21. gxf4 Qxf4+ 22. Kb1 Nxf2 23. Rhf1 Qxh4 24. Qg8+ Kc7 25. Qxg6 Nf6 26. Qg2 N6g4 27. Re2 e3 28. Qf3 Qg5 29. a4 Qd5 30. Rxe3 Nxe3 31. Rxf2 Ng4 32. Qxd5 cxd5 33. Rf7+ Kc6 34. Rh7 Bg1 35. c3 Be3 36. Rxh5 Nf6 37. Re5 Ne4 38. Kc2 a6 39. c4 Bxd4 40. cxd5+ Kd6 41. Rxe4 Kxd5 42. Rh4 b6 43. b3 a5 44. Kd3 Bc5 45. Rh5+ Kc6 46. Kc4 Bf2 47. Rh6+ Kc7 48. Kb5 Bc5 49. Rh7+ Kd6 50. Rb7 1-0

[Event "Reykjavik Congress"]
[Site "Reykjavik"]
[Date "2018.01.24"]
[Round "5"]
[White "Briem, Stephan"]
[Black "Bjarnason, Larus H"]
[Result "1-0"]
[WhiteElo "1890"]
[BlackElo "1539"]
[PlyCount "105"]
[EventDate "2018.01.10"]
[EventType "swiss"]
[EventRounds "9"]
[EventCountry "ISL"]
[SourceTitle "CBM 182 Extra"]
[Source "ChessBase"]
[SourceDate "2018.02.23"]
[SourceVersion "1"]
[SourceVersionDate "2018.02.23"]
[SourceQuality "1"]

1. d4 d5 2. c4 c6 3. Nf3 Nf6 4. Nc3 Bf5 5. Qb3 b6 6. cxd5 Nxd5 7. g3 e6 8. Bg2 Nxc3 9. bxc3 Be4 10. 0-0 Be7 11. Bb2 0-0 12. c4 Nd7 13. Rfd1 Qc7 14. Rac1 Qb7 15. Qe3 Nf6 16. Bh3 h6 17. Ne5 Rfd8 18. f3 Bh7 19. Bg2 Rac8 20. f4 Nd7 21. Qf3 Nxe5 22. fxe5 Qd7 23. Rf1 Qe8 24. Bh3 Bf8 25. Rcd1 Rc7 26. a3 Bg6 27. Rd2 Be7 28. Rfd1 Bg5 29. e3 Rdd7 30. Bg4 Be7 31. d5 cxd5 32. cxd5 Bc5 33. d6 Rb7 34. Bh3 a5 35. Bg2 Ra7 36. Kh1 Qd8 37. h4 Qb8 38. Qf4 b5 39. Rc1 Qb6 40. Bd4 Bxd4 41. Qxd4 Qxd4 42. Rc8+ Kh7 43. exd4 b4 44. axb4 axb4 45. Bc6 b3 46. Bxd7 Ra2 47. Rd1 Be4+ 48. Kg1 b2 49. Rb8 Ra1 50. Rxb2 Rxd1+ 51. Kf2 Rxd4 52. Ke3 Ra4 53. Bxa4 1-0